000 00949nam a2200217Ii 4500
003 JO-AjNU
008 230605s9999||||xx |||||||||||||| ||und||
017 _a2006/4/761
040 _aJO-AjNU
_bara
_erda
_cJO-AjNU
041 _aara
050 1 4 _aPJ7519.R5.M87 2006
100 3 _aتحرير أبو أصبع، صالح؛ عز الدين المناصرة؛محمد عبيد الله,
_eauthor
_923512
245 0 0 _aثقافة المقاومة 1 في الآداب والفنون
264 3 1 _aجرش: جامعة فيلادلفيا،2005
300 _a623ص
336 _atext
_btxt
_2rdacontent
337 _aunmediated
_bn
_2rdamedia
338 _avolume
_bnc
_2rdacarrier
490 0 _aاوراق مؤتمر فيلادلفيا الدولي العاشر-المؤتمر العلمي لكلية الآداب والفنون
650 4 _aالأدب العربي-مقاومة الاحتلال-الثقافة الجماهيرية-الثقافة
_923513
999 _aA8517
_c12085
_d12085